• 首页
  • 本馆介绍
  • 公告通知
  • 最新文献
  • 馆藏检索
  • 电子资源
  • 读者导购
  • 参考咨询
  • 我的图书馆
  • 登录
  • 详细信息显示
  • 放入我的书架
  • 预约/预借图书
  • 作者相关作品
  • 分类相关作品
  • 丛书相关作品
  • 出版社相关作品

书目信息

  • 表格格式
  • 工作单格式
  • 卡片格式
题名:
农药合理使用规范和最高残留限量标准
    
 
作者: 张志恒 主编
分册:  
出版信息: 北京   化学工业出版社  2007
页数: 303页
开本: 26cm
丛书名:
单 册:
中图分类: S48-65
科图分类:
主题词: 农药施用--规范 , 农药允许残留量--标准
电子资源:
ISBN: 978-7-5025-9298-1
000 01011nam0 2200265 450
001 012004097426
005 20080225093308.81
009 012004097426
010    @a978-7-5025-9298-1@dCNY39.00
035    @a(110019)012006129712
100    @a20061221d2007 em y0chiy0110 ea
101 0  @achi
102    @aCN@b110000
105    @ak l 000yy
106    @ar
200 1  @a农药合理使用规范和最高残留限量标准@Anong yao he li shi yong gui fan he zui gao can liu xian liang biao zhun@f张志恒主编
210    @a北京@c化学工业出版社@d2007
215    @a303页@c表@d26cm
330    @a本书简要概述了农药合理使用规范和最高残留限量(MRLs)标准的概念和制定方法、农药合理使用的基本原则、控制农药残留的主要途径以及农药的主要使用方法;重点介绍了中国主要果蔬粮油茶类作物常规生产以及绿色食品和有机食品生产中农药的合理使用规范和MRLs标准。
606 0  @a农药施用@x规范
606 0  @a农药允许残留量@x标准
690    @aS48-65@v4
701  0 @a张志恒@Azhang zhi heng@4主编
801  0 @aCN@b110019@c20080225
905    @dS48-65@e60@f4
    
    农药合理使用规范和最高残留限量标准/张志恒主编.-北京:化学工业出版社,2007
    303页:表;26cm
    
    
    ISBN 978-7-5025-9298-1:CNY39.00
    本书简要概述了农药合理使用规范和最高残留限量(MRLs)标准的概念和制定方法、农药合理使用的基本原则、控制农药残留的主要途径以及农药的主要使用方法;重点介绍了中国主要果蔬粮油茶类作物常规生产以及绿色食品和有机食品生产中农药的合理使用规范和MRLs标准。
●
相关链接 在E读中查询图书 在五车中查询图书 在当当中查询图书 在豆瓣中查询图书


正题名:农药合理使用规范和最高残留限量标准     索取号:S48-65/60         预约/预借

序号 登录号 条形码 馆藏地/架位号 状态 备注
1 0614409   206144091   第二样本阅览室/ [索取号:S48-65/60] 在馆    
2 0614410   206144108   第三借阅区/ [索取号:S48-65/60] 在馆    
3 0614411   206144117   第三借阅区/ [索取号:S48-65/60] 在馆    
4 0614412   206144126   第三借阅区/ [索取号:S48-65/60] 在馆    
唐山师范学院图书馆 欢迎您!
大连网信软件有限公司© 版权所有